|
|
|
|
| LEADER |
01216nam a2200277 a 4500 |
| 001 |
3166437 |
| 008 |
090519s1974 enkab b 001 0 eng d |
| 010 |
|
|
|a \\\75314256
|
| 020 |
|
|
|a 0718603990 :
|c £2.50
|
| 040 |
|
|
|a DLC
|c DLC
|d DLC
|
| 082 |
0 |
0 |
|a 362.1/0941
|2 18
|
| 100 |
1 |
|
|a Grundy, Fred.
|
| 245 |
1 |
0 |
|a Community health and social services :
|b an introduction for medical undergraduates, health visitors, social workers and midwives /
|c by Fred Grundy and Peter F. Grundy.
|
| 250 |
|
|
|a 1st ed.
|
| 260 |
|
|
|a London :
|b H. K. Lewis,
|c 1974.
|
| 300 |
|
|
|a [7], 230 p. :
|b ill., maps ;
|c 22 cm.
|
| 500 |
|
|
|a Supersedes: The new public health.
|
| 504 |
|
|
|a Includes bibliographical references and index.
|
| 541 |
1 |
|
|e 00004309
|
| 650 |
|
0 |
|a Community health services
|z Great Britain.
|
| 650 |
|
0 |
|a National health services
|z Great Britain.
|
| 650 |
|
0 |
|a Social service
|z Great Britain.
|
| 700 |
1 |
|
|a Grundy, Peter Frederick,
|e joint author.
|
| 852 |
4 |
|
|a Ayesha Abed Library
|j Generalshelf
|
| 999 |
|
|
|c 854
|d 854
|
| 952 |
|
|
|0 0
|1 0
|2 ddc
|4 0
|6 362_109410000000000_GRU_1974
|7 0
|9 795
|a BRACUL
|b BRACUL
|c GEN
|d 2009-05-19
|g 0.00
|l 0
|o 362.10941 GRU
|p 3010004309
|r 2009-05-19
|t 1
|w 2009-05-19
|y BK
|x No price found in the accession register.
|